Getting on the money track

Bibliographic Details
Main Author: Black, Rob
Other Authors: Krueger, Pam
Format: Book
Published: Canada : Wiley , 2005
Subjects:

MARC

LEADER 00000cam a2200000 7i4500
001 0000024484
005 20081226.0
008 081226
020 |a 0471770795 
090 0 0 |a 332.024   |b BLA 
100 1 |a Black, Rob 
245 1 0 |a Getting on the money track   |c Rob Black; foreword by Pam Krueger 
260 |a Canada :   |b Wiley ,   |c 2005 
650 0 |a Finance, personal 
650 0 |a Investment 
700 1 |a Krueger, Pam 
999 |a 0001039221   |b Book   |c Adult Collection   |e Perbadanan Perpustakaan Awam Johor